000
00271nam a22000977a 4500
008
150921b xxu||||| |||| 00| 0 eng d
020
_a
9789712711633
050
_a
PQ 8897.R5
_b
.G934 1995
245
_a
Noli me tangere /
260
_a
Pasig City :
_b
Guerrero Publishing,
_c
1995.
999
_c
288704
_d
288704